skbl

Dr Suryya Kumar Bhuyan Library Web-OPAC
ডঃ সূৰ্য্য
কুমাৰ ভূঞা পুথিভঁৰাল ৱেব-অ'পেক

All Research Scholars are advised to clear the annual library fees to continue using Library Resources, Remote Access, Plagiarism Test and Library Clearance.

Cotton University Book Fair 2026

Nai Kahani Ki Bhumika (Record no. 65129)

MARC details
000 -LEADER
fixed length control field 00484nam a2200193Ia 4500
001 - CONTROL NUMBER
control field 64029
008 - FIXED-LENGTH DATA ELEMENTS--GENERAL INFORMATION
fixed length control field 191106n ii |||gr||||Z||||||465
020 ## - INTERNATIONAL STANDARD BOOK NUMBER
International Standard Book Number 9788126728596
082 ## - DEWEY DECIMAL CLASSIFICATION NUMBER
Classification number 891.4309
100 ## - MAIN ENTRY--PERSONAL NAME
Personal name Kamaleswar.
245 #0 - TITLE STATEMENT
Title Nai Kahani Ki Bhumika
Statement of responsibility, etc. By Kamaleswar
Medium Textual Documents
250 ## - EDITION STATEMENT
Edition statement Rev edn.
260 ## - PUBLICATION, DISTRIBUTION, ETC.
Place of publication, distribution, etc. Delhi
Name of publisher, distributor, etc. Rajkamal prakashan
300 ## - PHYSICAL DESCRIPTION
Extent 191pg:
Dimensions 23cm.
653 ## - INDEX TERM--UNCONTROLLED
Uncontrolled term Hindi
653 ## - INDEX TERM--UNCONTROLLED
Uncontrolled term Nai Kahani Ki Bhumika
653 ## - INDEX TERM--UNCONTROLLED
Uncontrolled term G-Hindi
942 ## - ADDED ENTRY ELEMENTS (KOHA)
Source of classification or shelving scheme Dewey Decimal Classification
Koha item type Books
Holdings
Withdrawn status Lost status Damaged status Not for loan Collection Home library Current library Shelving location Date acquired Coded location qualifier Cost, normal purchase price Total checkouts Full call number Barcode Date last seen Copy number Price effective from Koha item type
          Dr. Suryya Kumar Bhuyan Library Dr. Suryya Kumar Bhuyan Library   06/11/2019 00000 125.00   891.4309 Ka 123 Na 1234/cu 14/01/2024 3 06/11/2019 Books
          Dr. Suryya Kumar Bhuyan Library Dr. Suryya Kumar Bhuyan Library   06/11/2019 00000 125.00   891.4309 Ka 123 Na 1230/Cu 14/01/2024 4 06/11/2019 Books
          Dr. Suryya Kumar Bhuyan Library Dr. Suryya Kumar Bhuyan Library   06/11/2019 00000 125.00   891.4309 Ka 123 Na 1231/cu 14/01/2024 2 06/11/2019 Books
          Dr. Suryya Kumar Bhuyan Library Dr. Suryya Kumar Bhuyan Library   06/11/2019 00000 125.00   891.4309 Ka 123 Na 1232/cu 14/01/2024 1 06/11/2019 Books
          Dr. Suryya Kumar Bhuyan Library Dr. Suryya Kumar Bhuyan Library   06/11/2019 00000 125.00   891.4309 Ka 123 Na 1233/Cu 14/01/2024 5 06/11/2019 Books

Designed and Maintained by Team SKBL
©1901-2026

Powered by Koha